| 000 | 00910nam a2200265 i 4500 | ||
|---|---|---|---|
| 001 | bg | ||
| 245 | 0 | 0 |
_aTeoria i konstrukcja maszyn przemysłu spożywczego : _bwirówki / _cHenryk Popko [et al.] ; Politechnika Lubelska. |
| 260 |
_aLublin : _bWydawnictwa Uczelniane PL, _c1999. |
||
| 300 |
_a120 s. : _brys., wykr. ; _c24 cm. |
||
| 500 | _aNa okł. nazwa przedmiotu : Mechanika. | ||
| 504 | _aBibliogr. s. 113-120. | ||
| 650 | 9 |
_aPrzemysł rolno-spożywczy _xnarzędzia i maszyny _xbudowa i konstrukcje |
|
| 650 | 9 |
_aPrzemysł rolno-spożywczy _xnarzędzia i maszyny _xteoria |
|
| 650 | 9 |
_aWirówka _xbudowa i konstrukcje |
|
| 650 | 9 |
_aWirówka _xteoria |
|
| 700 | 1 | _aPOPKO, Henryk | |
| 710 | 0 | _aPolitechnika Lubelska | |
| 020 | _a8387270040 | ||
| 040 | _cBPK | ||
| 041 | 0 | _apl | |
| 080 | _a621.926/.929:664 | ||
| 920 | _a83-87270-04-0 | ||
| 942 | _cKS | ||
| 008 | s pl f |000 0 pol | ||
| 999 |
_c38459 _d38459 |
||
| 856 |
_uhttp://koha.tu.koszalin.pl/cgi-bin/koha/opac-detail.pl?biblionumber=38459 _yKatalog online BPK |
||